| 000 | 00692nam a22002177a 4500 | ||
|---|---|---|---|
| 003 | OSt | ||
| 005 | 20230127124808.0 | ||
| 008 | 221006b |||||||| |||| 00| 0 eng d | ||
| 020 | _a87 7452 217 5 | ||
| 040 | _cBiblioteca Lado V | ||
| 082 |
_a779 _bS825n |
||
| 100 |
_eautora _9686 _aSten-Knudsen, Nina |
||
| 245 |
_aNina Sten-Knudsen/ _bLandskabet, senere/ |
||
| 260 |
_c1999 _bNy Carlsberg |
||
| 300 |
_c22x28cm _a36p. |
||
| 650 |
_2Tesauro de Arte & Arquitectura _aARTE |
||
| 650 |
_2Tesauro de Arte & Arquitectura _aCATALOGO |
||
| 650 |
_2Tesauro de Arte & Arquitectura _aFOTOGRAFIA |
||
| 700 |
_aOstrander, Tobias _eCurador _928 |
||
| 942 |
_2ddc _c1 _h779 _iS825n _n0 |
||
| 999 |
_c2969 _d2969 |
||